The legacy of Christopher Columbus : (Registro nro. 30427)
[ vista simple ]
| 000 -CABECERA | |
|---|---|
| campo de control de longitud fija | 00622nam a2200157 a 4500 |
| 001 - NÚMERO DE CONTROL | |
| campo de control | 000030935 |
| 005 - FECHA Y HORA DE LA ÚLTIMA TRANSACCIÓN | |
| campo de control | 20200930062611.0 |
| 008 - DATOS DE LONGITUD FIJA--INFORMACIÓN GENERAL | |
| campo de control de longitud fija | 110608m19491950xxu 000 0 spa d |
| 040 ## - FUENTE DE LA CATALOGACIÓN | |
| Centro catalogador/agencia de origen | DO-SdBNP |
| Lengua de catalogación | spa |
| Centro/agencia transcriptor | BNPHU |
| 082 ## - NÚMERO DE LA CLASIFICACIÓN DECIMAL DEWEY | |
| Número de clasificación | xxx |
| Número de documento/Ítem | L496 |
| 049 ## - FONDOS LOCALES (OCLC) | |
| Fondos de biblioteca | BNPD |
| 245 00 - MENCIÓN DE TÍTULO | |
| Título | The legacy of Christopher Columbus : |
| Resto del título | the historic litigations involving his discoveries, his will, his family, and his descendants / |
| Mención de responsabilidad, etc. | compiled from archives in Spain, France and the Americas by Otto Schoenrich. |
| 260 ## - PUBLICACIÓN, DISTRIBUCIÓN, ETC. | |
| Lugar de publicación, distribución, etc. | California : |
| Nombre del editor, distribuidor, etc. | The Arthur H. Clark Company, |
| Fecha de publicación, distribución, etc. | 1949 -1950. |
| 300 ## - DESCRIPCIÓN FÍSICA | |
| Extensión | 2v. ; : |
| Otras características físicas | 24 cm. |
| 700 1# - PUNTO DE ACCESO ADICIONAL--NOMBRE DE PERSONA | |
| Nombre de persona | Schoenrich, Otto, |
| Término indicativo de función/relación | comp. |
| 9 (RLIN) | 1706 |
| Estado de retiro | Estado de pérdida | Restricciones de uso | No para préstamo | Código de colección | Localización permanente | Ubicación/localización actual | Ubicación en estantería | Fecha de adquisición | Número de inventario | Total de préstamos | Signatura topográfica completa | Código de barras | Fecha visto por última vez | Precio válido a partir de | Tipo de ítem Koha | Nota pública |
|---|---|---|---|---|---|---|---|---|---|---|---|---|---|---|---|---|
| Excluido de préstamo | Raros y valiosos | Patrimonio Dominicano | Patrimonio Dominicano | En catalogación | 08.06.2011 | LF1 | v.1 | 30935-10 | 25.06.2020 | 25.06.2020 | No se presta | Perteneció a la colección Julio Ortega Frier | ||||
| Excluido de préstamo | Raros y valiosos | Patrimonio Dominicano | Patrimonio Dominicano | En catalogación | 08.06.2011 | LF1 | v. 2 | 30935-20 | 25.06.2020 | 25.06.2020 | No se presta | Perteneció a la colección Julio Ortega Frier |
